00751nam a2200193 a 4500008004100000050001800041100002100059245002900080246005500109260005400164300001500218350000900233650003600242650001400278650003500292995008700327999001700414952012600431120416s1973 ||||||||||||||||| || u aHC 497.H6 Gei aGeiger, Theodore10aTales of two city-states athe development progress of Hongkong and Singapore a[Washington]bNational Planning Associationc1973 axii, 239p. a0.00 aECONOMIC DEVELOPMENT--SINGAPORE 0aECONOMICS aECONOMIC DEVELOPMENT--HONGKONG D0.00FCBU-MAIN LIBRARY (Kitwe)H1I0.00M1UAVAILABLEZAnnex Low-Usage Collection  c59357d59357 00102lcc4070a001b001cAnnex Low-Usage Collection d2022-11-30l0oHC 497.H6 Geip002344r2022-11-30w2022-11-30y002